Vráti sa Michal Kováč ml. na Slovensko 28. 2. 1996?

Bibliographic Details
Main Author: Tóth, Peter, 1971- (Author)
Format: Article
Language:Slovak
PhysicalDescription:Obr. 2
Subjects:

MARC

LEADER 00000nab a2200000 a 4500
001 vtls000573077
003 SK-MaSNL
005 20260304215153.0
008 120929c1996 xo 0 slo
015 |a SNBRB19rr/mm-uuuuu 
035 |a CL0573215 
040 |a SNKBUCL  |b slo  |c SNKBUCL  |e AACR2 
041 0 |a slo 
044 |a xo  |c SK 
080 |a 343.43  |2 1981 
080 |a 343.549  |2 1981 
100 1 |a Tóth, Peter,  |d 1971-  |4 aut  |9 110516 
245 1 0 |a Vráti sa Michal Kováč ml. na Slovensko 28. 2. 1996?  |c Peter Tóth 
300 |b Obr. 2 
650 0 7 |a únosy  |2 snkbucl  |9 4558 
650 0 7 |a trestný čin únosu  |2 snkbucl  |9 989890 
650 0 7 |a kauza Michal Kováč ml.  |2 snkbucl  |9 988772 
655 7 |a články z novín a časopisov  |2 snkbucl  |9 267496 
773 0 |t Smena na nedeľu  |g Roč. 30, č. 2 (10. 1. 1996), s. 14-15 
850 |a Slovenská národná knižnica v Martine  |a MTA001 
852 |a SNK  |b KIS3GCP 
958 |a RK 
992 |a RBX 
999 |c 3145094  |d 3147024